| 000 | 00593nac a22001811u 4500 | ||
|---|---|---|---|
| 008 | 110706s2004 nju|||||r|||| 000 0 eng d | ||
| 020 | _a013191135X (pbk.) | ||
| 020 | _a9780131911352 | ||
| 082 |
_a658.562 _bBES _222 |
||
| 100 |
_aBesterfield, Dale H. _926204 |
||
| 245 |
_aQuality Control / _cDale H. Besterfield. |
||
| 250 | _a7th ed. | ||
| 260 |
_aEnglewood Cliffs, N.J. : _bPearson Prentice Hall, 2004 _cc2004. |
||
| 300 |
_aviii, 520 p. ; _c24 cm. |
||
| 504 | _aIncludes bibliographical references and index. | ||
| 650 |
_aQuality control. _926205 |
||
| 942 |
_cBB _k658.562 BES _2ddc |
||
| 999 |
_c1120 _d1120 |
||